000 00823nam a22002417a 4500
003 OSt
005 20140310182319.0
008 130920t xxu||||| |||| 00| 0 eng d
020 _a9780062750136
050 _aPE 1591
_b.Sch34 1994
082 _aGS 423.1
_bSc3 1994
100 _aSchiller, Andrew
_921081
245 _aRoget's children's thesaurus /
_cAndrew Schiller, William Jenkins.
260 _aNew York :
_bHarper Collins,
_cc1994.
300 _a240 p. :
_bill, ;
_c24 cm.
500 _aOriginally published under the title in other words.
541 _j1
562 _e1
650 _aEnglish language
_xSynonyms and antonyms
_xJuvenile Lit.
_921082
650 _aEnglish language
_xDictionaries
_xJuvenile Literature
_921083
650 _aJenkins, William Atwell
_921084
942 _2lcc
_cBK-GS
999 _c11780
_d11780